Southville International School and Colleges
Your cart is empty.
  • Cart
  • Lists
    Public lists Eva Luna New books Lux_list list_1
    Your lists Log in to create your own lists
  • Log in to your account
  • Your cookies
  • Search history
Southville International School and Colleges
  • Advanced search
  • Recent comments
  • Most popular
  • Libraries

Log in to your account

Log in with GOOGLE


If you do not have an external account, but do have a local account, you can still log in:

  1. Home
  2. MARC view: A first look at Philippine trees /
Normal view MARC view ISBD view

A first look at Philippine trees / (Record no. 292149)

[ view plain ]
MARC details
000 -LEADER
fixed length control field 00668nam a2200229Ia 4500
008 - FIXED-LENGTH DATA ELEMENTS--GENERAL INFORMATION
fixed length control field 160319s9999 xx 000 0 und d
020 ## - INTERNATIONAL STANDARD BOOK NUMBER
International Standard Book Number 9716300204
050 ## - LIBRARY OF CONGRESS CALL NUMBER
Classification number 634.9
050 ## - LIBRARY OF CONGRESS CALL NUMBER
Item number B933f 1994
100 ## - MAIN ENTRY--PERSONAL NAME
Personal name Bulalacao, Lolita J.
245 #2 - TITLE STATEMENT
Title A first look at Philippine trees /
245 ## - TITLE STATEMENT
Statement of responsibility, etc by Lolita J. Bulalacao ; pictures by Crispin Dayao, Jr.
260 ## - PUBLICATION, DISTRIBUTION, ETC. (IMPRINT)
Place of publication, distribution, etc Manila :
260 ## - PUBLICATION, DISTRIBUTION, ETC. (IMPRINT)
Name of publisher, distributor, etc Tahanan Books for Young Readers,
260 ## - PUBLICATION, DISTRIBUTION, ETC. (IMPRINT)
Date of publication, distribution, etc 1994
300 ## - PHYSICAL DESCRIPTION
Extent 24 pages :
300 ## - PHYSICAL DESCRIPTION
Other physical details illustrations ;
300 ## - PHYSICAL DESCRIPTION
Dimensions 21 cm.
440 ## - SERIES STATEMENT/ADDED ENTRY--TITLE
Title A First look at ... Series.
650 ## - SUBJECT ADDED ENTRY--TOPICAL TERM
Topical term or geographic name as entry element Trees -- Philippines -- Identification.
700 ## - ADDED ENTRY--PERSONAL NAME
Personal name Dayao, Crispin., author
Holdings
Withdrawn status Lost status Damaged status Home library Current library Shelving location Date acquired Total Checkouts Full call number Barcode Date last seen Price effective from Koha item type
      Stonyhurst Southville International School (Batangas) Stonyhurst Southville International School (Batangas) Filipiniana Section 03/19/2016   Fil 634.9 B933f 1994 LS 0811 03/19/2016 03/19/2016 Books

A first look at Philippine trees /

APA

Bulalacao L. J., Dayao C. a., .A first look at Philippine trees. Manila: .

Chicago

Bulalacao Lolita J, Dayao Crispin author, .A first look at Philippine trees. Manila: .

Harvard

Bulalacao L. J., Dayao C. a., .A first look at Philippine trees. Manila: .

MLA

Bulalacao Lolita J, Dayao Crispin author, .Manila: . .

  • Place hold
  • Print
  • Cite
  • Add to your cart (remove)
  • Save record
    BIBTEX Dublin Core MARCXML MARC (non-Unicode/MARC-8) MARC (Unicode/UTF-8) MARC (Unicode/UTF-8, Standard) MODS (XML) RIS
  • More searches
    Search for this title in:
    Other Libraries (WorldCat) Other Databases (Google Scholar) Online Stores (Bookfinder.com) Open Library (openlibrary.org)

Exporting to Dublin Core...

SOUTHVILLE LIBRARY

Southville International School and Colleges Library

1281 Tropical Ave. Cor. Luxembourg St., BF Homes International, Las Pinas City

Tel. No. 8256374 / 252358 Loc. 117/146

Powered by Koha